000 00821nas a2200253 4500
001 BR2012006766
003 BR-BrBNA
005 20231205121153.0
007 ta
008 230509b bl.|||p| |||| 00| 00por d
040 _aBR-BrBNA
_bpor
_cBiblioteca Nacional de Agricultura
041 _a(En)
072 _aF08; P40
100 1 _aHolcman, E.
100 1 _aSentelhas, P.C.
245 1 _aMicroclimate under different shading screens in greenhouses cultivated with bromeliads
650 _aCULTIVO PROTEGIDO
650 _aMICROCLIMA
650 _aCONDIÇÃO AMBIENTAL
650 _aRADIAÇÃO SOLAR
773 0 _tRevista Brasileira de Engenharia Agrícola e Ambiental (Brazil)
_xISSN 1807-1929
_g(Aug 2012), v.16(8) p. 859-863
_wBR2012006766
909 _a202311
_bLúcia
_c55
_dLúcia Elande
942 _2AGRIS
_n0
_cANA
999 _c222154
_d222154